Participatory training in developing effective teaching skills of field functionaries (Record no. 2810)

000 -LEADER
fixed length control field 00403pab a2200145 454500
008 - FIXED-LENGTH DATA ELEMENTS--GENERAL INFORMATION
fixed length control field 180718b xxu||||| |||| 00| 0 eng d
100 ## - MAIN ENTRY--PERSONAL NAME
Personal name Intodia, S.L.
245 ## - TITLE STATEMENT
Title Participatory training in developing effective teaching skills of field functionaries
650 ## - SUBJECT ADDED ENTRY--TOPICAL TERM
Topical term or geographic name entry element Case Study, Trainer
650 ## - SUBJECT ADDED ENTRY--TOPICAL TERM
Topical term or geographic name entry element Participatory Training
650 ## - SUBJECT ADDED ENTRY--TOPICAL TERM
Topical term or geographic name entry element Training
700 ## - ADDED ENTRY--PERSONAL NAME
Personal name Upadhyaya
773 ## - HOST ITEM ENTRY
Main entry heading IJTD
909 ## -
-- 2810
Holdings
Withdrawn status Lost status Damaged status Not for loan Permanent Location Current Location Date acquired Serial Enumeration / chronology Barcode Date last seen Price effective from Koha item type
        Indian Institute of Public Administration Indian Institute of Public Administration 2018-07-19 Issue no: 21(5-6) Sep.-Dec. 91, p.9-13 AR2810 2018-07-19 2018-07-19 Articles

Powered by Koha